01459cam a22003737a 4500003000500000005001700005008004100022010000900063011000900072035000900081040000900090090001000099100003800109245021400147260004300361300001000404502007500414590003700489590004100526590004100567590004100608590004100649590004200690650001300732650003100745650003200776700003300808700004400841901000700885942001000892949004100902999001500943952012700958CHAP20220817040853.0971013s1990 r 00010 d a1794 a2766 a1966 cCHAP aTesis00aGonzález López, Celso.949105 0aEfecto del período de descanso sobre el crecimiento y utilización de una pradera asociada gramínea (Dactylis glomerata Var. Potomac) y leguminosa (Medicago sativa Var. Valenciana): Julio - Noviembre 1988 aChapingo, Méx. :bLos Autores,c1990 a92 h. aTesis (Ing. Agr. Esp. en Zootecnia) -- UACH. Departamento de Zootecnia aALEPHb10c20130110lUCH01h1209 aBATCH-UPDb10c20130110lUCH01h1537 aBATCH-UPDb10c20130410lUCH01h0941 aBATCH-UPDb10c20130914lUCH01h0228 aBATCH-UPDb10c20130914lUCH01h1903 aCONVERSIONb10c20130109lUCH01h130214aAlfalfa.14aDactylis glomerata.93086514aPastosxCrecimiento.9860120 aLucio Niño, Carlos.9688920 aMonsivais Mauricio, José Luis.977689 aBK cTESIS bBCcTESd-11460eTS1h23544i1966si c1794d1794 00102local4051708TESISaBCbBCcPA_TESISd2019-12-31fTESISl0oTesisp-11460r2019-12-31 00:00:00w2019-12-31yTESIS